000 00570nam a22002057a 4500
003 OSt
005 20151109161543.0
008 151109b xxu||||| |||| 00| 0 eng d
020 _a0471257087
040 _c040a
082 _a519.2
_bFEL 1968
100 _aFeller, William
_96054
245 _aAn introduction to prabability and theory and its applications /
_cWilliam Feller
250 _a3rd.ed
260 _aNew York
_bJohn Wiley and sons
300 _axviii, 509p;
_bill :
_c10 cm
504 _aincludes index
650 _aProbability
_91273
942 _2ddc
_cSLOAN
999 _c2480
_d2480